| 000 | 00740nam a2200217 i 4500 | ||
|---|---|---|---|
| 001 | 75271 | ||
| 003 | ES-MaACL | ||
| 005 | 20231117101921.0 | ||
| 007 | t| | ||
| 008 | 151020s2009 sp ||||1| spa d | ||
| 020 | _a978-84-613-1874-2 | ||
| 080 | _a797.14.093.1(460.13 S.) | ||
| 111 | 2 |
_aFestival del Mar de Santander ( _n1º. _d2005. _cSantander) _9157948 |
|
| 245 | 1 | 0 |
_aGanando barlovento / _cFestival del Mar de Santander. |
| 260 |
_aSantander : _bFundación Villas del Cantábrico, _c[2009] |
||
| 300 |
_a98 p. : _bprincipalmente il. col. y n., planos ; _c31 cm. |
||
| 650 | 0 | 4 |
_aRegatas a vela. _916740 |
| 852 |
_aES-MaACL _jA-13443 _978100 _bR.150753 _cDEPO1 _dOlim: N-6443 |
||
| 942 |
_2udc _cMONOGRAFIA |
||
| 999 |
_c75271 _d75271 |
||